000
00341nam a2200133Ia 4500
008
151021s9999 xx 000 0 und d
020
_a
486225445
050
_a
PS 734 .G109 1970
245
_a
_Living my life Emma Goldman
260
_a
New York Dover 1970
300
_a
993p.
650
_a
_Novel
980
_a
^d20130213 10:54:36^oanne
999
_c
12873
_d
12873